[Event "Sharjah Master 2024"]
[Site "Shsrjah - Abu Dhabi"]
[Date "2024.05.18"]
[Round "?"]
[White "Sjugirov, Sanan"]
[Black "Assaubayeva, Bibisara"]
[Result "0-1"]
[WhiteElo "2691"]
[BlackElo "2481"]
[PlyCount "86"]
[EventDate "2024.05.14"]
[EventCountry "UAE"]

1. c4 Nf6 2. g3 g6 3. Bg2 Bg7 4. d4 O-O 5. Nc3 d6 6. Nf3 c5 7. O-O Nc6 8. d5 Na5 9. Nd2 e6 10. Qc2 Rb8 11. b3 $146 ({RR} 11. Rb1 exd5 12. cxd5 Bd7 13. b3 Bf5 14. e4 Bd7 15. Re1 b5 16. Bb2 Qb6 17. Nd1 Rbc8 18. Ne3 Rfe8 19. h3 Qd8 20. Rbc1 a6 21. Kh2 Rb8 22. f4 c4 23. bxc4 Nxc4 24. Ndxc4 bxc4 25. Nxc4 Bb5 {Yang,S (1901)-Wang,P (1540) Shanghai CHN 2024 ½-½ (33)}) 11... exd5 12. cxd5 b5 13. Bb2 b4 14. Nd1 Ba6 15. Re1 Re8 16. a3 $6 {Inaccuracy. Ne3 was best.} (16. Ne3 Qb6 17. Bf3 Rxe3 18. fxe3 Re8 19. Kh1 Rxe3 20. a3 Bb5 21. axb4 cxb4) 16... Bxe2 17. Ne3 Bb5 18. axb4 cxb4 19. Bd4 Nb7 20. Rxa7 Nc5 21. Rea1 Nfd7 22. Nf3 Bd3 23. Qb2 Bxd4 24. Nxd4 Qf6 25. R1a2 Bb1 26. Qxb1 $2 {Mistake. Ne6 was best.} (26. Ne6 Qxb2 27. Rxb2 Bd3 28. Nd4 Ra8 29. Rba2 Rxa7 30. Rxa7 Ne5 31. h3 h5) 26... Qxd4 27. Qb2 Qc3 28. Bf1 Ne5 29. Rc7 $2 {Mistake. Kg2 was best.} (29. Kg2 Rec8) 29... Qxb3 30. Qxb3 Nxb3 31. f4 Nf3+ 32. Kf2 Nxh2 33. Bc4 $6 {Inaccuracy. Bh3 was best.} (33. Bh3 Nd4) 33... Nc5 34. Raa7 Ra8 35. Rxf7 Rxa7 36. Rxa7 b3 37. Nd1 Ng4+ 38. Kf3 h5 39. Ra3 Re1 40. Be2 Kg7 41. Ra7+ Kf6 42. Ra8 Ne4 43. Re8 $6 {Inaccuracy. Kxe4 was best.} (43. Kxe4 Rxe2+ 44. Kd3 Rg2 45. Nc3 Rxg3+ 46. Kd4 Nf2 47. Rf8+ Kg7 48. Rb8 Rf3) 43... Nh2+ 0-1

[Event "Sharjah Master 2024"]
[Site "Shsrjah - Abu Dhabi"]
[Date "2024.05.18"]
[Round "?"]
[White "Kacharava, Nikolozi"]
[Black "Ivanchuk, Vasyl"]
[Result "0-1"]
[WhiteElo "2527"]
[BlackElo "2609"]
[PlyCount "120"]
[EventDate "2024.05.14"]
[EventCountry "UAE"]

{[%evp 16,120,28,37,44,41,67,61,68,46,49,19,16,0,21,20,38,37,46,-32,9,-32,0,-32,-19,-18,-16,-15,-13,-13,-14,-75,-67,-70,-69,-71,-66,-120,-30,-194,-192,-228,-176,-184,-188,-238,-238,-236,-232,-245,-185,-187,-177,-183,-181,-180,-162,-235,-205,-270,-269,-389,-387,-382,-384,-385,-384,-372,-367,-381,-377,-400,-402,-400,-301,-430,-430,-427,-412,-451,-452,-466,-466,-457,-456,-475,-455,-454,-394,-466,-466,-487,-500,-491,-491,-492,-490,-719,-712,-658,-624,-788,-741,-757,-684,-785,-767]} 1. e4 c5 2. Nf3 d6 3. d4 cxd4 4. Nxd4 Nf6 5. Nc3 Nc6 6. Bg5 e6 7. Qd3 Bd7 8. O-O-O a6 9. f4 h6 10. Bh4 g5 11. fxg5 Ng4 {White is slightly better.} 12. Nxc6 $146 ({RR} 12. Kb1 hxg5 13. Bg3 Nce5 14. Qd2 b5 15. Nf3 f6 (15... b4 $11 {keeps the balance.} 16. Ne2 Nxf3 17. gxf3 Ne5) 16. Bd3 (16. a3 $16) 16... Be7 (16... b4 $14 17. Ne2 Nxf3 18. gxf3 Ne5) 17. Ne2 (17. h3 $16 Nxf3 18. gxf3) 17... Rc8 (17... Qb6 $14) 18. Ned4 (18. Nxe5 $16 Nxe5 19. h4) 18... Qb6 19. Be2 (19. h3 $14 Nxf3 20. Nxf3) 19... Nc4 $1 20. Bxc4 bxc4 21. Qc3 $2 (21. Ne2 $15) 21... Ne5 $2 (21... e5 $19 22. Ne2 Nf2 23. Bxf2 Qxf2 {[%mdl 64] Double Attack}) 22. Ne2 Rb8 23. Rhf1 (23. h4 $11 gxh4 24. Rxh4 Rxh4 25. Bxh4) 23... Qb4 ({Better is} 23... Nxf3 $1 $17 24. Rxf3 e5) 24. Qxb4 Rxb4 25. h3 {[#]} (25. Nc3 $15) 25... Bc8 ({Black should play} 25... c3 $1 $17 {[%mdl 512]} 26. Nxc3 Nc4) 26. Nc3 O-O {Hristodoulou,P (2376)-Hartikainen,J (2092) chess.com INT 2024 1-0 (59)}) 12... Bxc6 13. Qf3 Ne5 $1 {[%cal Re5f3]} 14. Qf6 Ng6 15. Bg3 hxg5 16. Qd4 Qa5 17. Be2 (17. Bxd6 Rd8 $17) ({White should try} 17. Kb1 $14) 17... Rh7 18. Kb1 O-O-O 19. Rhf1 Nf4 20. Bxf4 gxf4 21. Qf6 (21. Rxf4 $2 e5 $19) 21... Rd7 22. Qxf4 Bg7 23. Rd3 $6 {Inaccuracy. Qg3 was best.} (23. Qg3 Qb6 24. h3 Kc7 25. Qe1 Bxe4 26. Bd3 Bxd3 27. Rxd3 Kb8 28. g4 Rc7) ({Reject} 23. Rxd6 Be5 $17) (23. Qg3 $11 {remains equal.}) 23... Be5 $17 {[%mdl 1024] Black has strong compensation.} 24. Qg4 Rg7 25. Qh3 Kb8 26. a3 Rc7 $6 {Inaccuracy. Qb6 was best.} (26... Qb6 27. Bf3 Bb5 $1 28. Nxb5 Qxb5 {[%csl Ge5][%cal Rb5b2]} 29. b3 Rc7 30. Bd1 Rg8 31. Qf3 Rgc8 32. Qe3) (26... Qb6 $17 {Threatens to win with ...Bxe4!} 27. Bf3 Bb5 28. Nxb5 Qxb5) 27. Re3 $4 {Blunder. Rxd6 was best.} (27. Rxd6) (27. Rxd6 $11 Bxc3 28. Rd8+ Ka7 29. Qe3+ (29. bxc3 Bxe4 30. Qe3+ {[%mdl 64] Double Attack} Rc5 $11) 29... b6 30. Qxc3 (30. bxc3 Qxa3 31. g4 Bb7 $11) 30... Qxc3 31. bxc3) 27... Qc5 $19 28. Rc1 {[#]} Rxg2 $1 {[%mdl 576] Deflection} 29. Qxg2 {aiming for Rd3.} Qxe3 30. Qg1 Qxg1 31. Rxg1 Bxh2 32. Rg8+ Ka7 $6 {Inaccuracy. Rc8 was best.} (32... Rc8 33. Rxc8+ Kxc8 34. Bh5 f6 35. Bg6 Kd7 36. Na2 a5 37. c4 Ke7 38. b4) 33. Bd3 Be5 34. Nd1 Re7 35. Ne3 Re8 36. Rg4 (36. Rxe8 $142 Bxe8 37. c3) 36... b5 37. c3 $6 {Inaccuracy. Rh4 was best.} (37. Rh4) 37... Rh8 38. Rg1 $6 {Inaccuracy. Nf1 was best.} (38. Nf1 d5 39. exd5 Bxd5 40. Kc2 f5 41. Rg1 Rh4 42. Ne3 Rh2+ 43. Kb1 Bb7) (38. Kc1 $142) 38... Rh3 39. Re1 Bf4 40. Nc2 Rxd3 41. Nb4 {[#]} Bxe4 $1 42. Rxe4 {[%mdl 4096] Endgame KRB-KRN} Rf3 43. a4 d5 44. Rd4 Bd6 45. Nc2 (45. axb5 $142 axb5 46. Nxd5) 45... bxa4 46. Rxa4 Rf4 47. b4 Be5 48. Ra3 Kb6 49. Ne3 Re4 50. Nd1 Re2 51. Nb2 Bd6 52. Ra5 f5 {Black is clearly winning.} 53. Na4+ Kb7 54. b5 axb5 55. Rxb5+ Kc7 {Strongly threatening ...f4.} 56. Rb2 $6 {Inaccuracy. Rb3 was best.} (56. Rb3 Re4 57. c4 Rxc4 58. Nb2 Rh4 59. Nd3 Rh1+ 60. Kc2 Rh2+ 61. Kd1 Kc6) (56. Ra5 $142) 56... Rxb2+ 57. Nxb2 e5 58. Kc2 e4 59. Nd1 Bc5 {And now ...f4 would win.} 60. Kd2 Kd6 {Accuracy: White = 40%, Black = 80%.} 0-1

[Event "Sharjah Master 2024"]
[Site "Shsrjah - Abu Dhabi"]
[Date "2024.05.18"]
[Round "?"]
[White "Yilmazyerli, Mert"]
[Black "Sanal, Vahap"]
[Result "1/2-1/2"]
[WhiteElo "2522"]
[BlackElo "2566"]
[PlyCount "32"]
[EventDate "2024.05.14"]
[EventCountry "UAE"]

1. e4 e5 2. Nf3 Nc6 3. Bb5 Nf6 4. O-O Nxe4 5. Re1 Nd6 6. Nxe5 Be7 7. Bf1 Nxe5 8. Rxe5 O-O 9. d4 Bf6 10. Re1 Nf5 11. c3 d5 12. Bf4 c6 13. Nd2 Nh4 14. Bd3 Bf5 15. Bxf5 Nxf5 16. Nf3 $146 ({RR} 16. Qg4) 16... Re8 1/2-1/2

[Event "Sharjah Master 2024"]
[Site "Shsrjah - Abu Dhabi"]
[Date "2024.05.18"]
[Round "?"]
[White "Seemann, Jakub"]
[Black "Dudin, Gleb"]
[Result "0-1"]
[WhiteElo "2474"]
[BlackElo "2554"]
[PlyCount "74"]
[EventDate "2024.05.14"]
[EventCountry "UAE"]

1. c4 e5 2. g3 Nf6 3. Bg2 h6 4. d3 d5 $146 ({RR} 4... Bb4+ 5. Bd2 Bxd2+ 6. Qxd2 O-O 7. Nf3 Re8 8. Nc3 c6 9. O-O d5 10. cxd5 cxd5 11. d4 e4 12. Ne5 Be6 13. f3 exf3 14. exf3 Nbd7 15. Rfe1 Rc8 16. Rad1 a6 17. Qf2 Nb6 18. Re2 Nc4 19. g4 {Vidit,S (2722)-Chiu,I (2226) chess.com INT 2024 1-0 (39)}) ({RR} 4... Bb4+ 5. Bd2 Bxd2+ 6. Qxd2 O-O 7. Nf3 Re8 8. O-O c6 9. c5 b6 10. Rc1 bxc5 11. Rxc5 e4 12. Ne1 Qb6 13. d4 Na6 14. Rc1 Rb8 15. b3 Nb4 16. Nc3 d6 17. Nc2 a5 18. Ne3 Ba6 19. Nf5 {Fedoseev,V (2683)-Ivic,V (2570) Samarkand UZB 2023 1-0}) 5. cxd5 Nxd5 6. Nc3 Nf6 7. f4 Bc5 $2 {Mistake. exf4 was best.} (7... exf4 8. Bxf4 Bc5 9. d4 Qxd4 10. Qxd4 Bxd4 11. Nb5 Bb6 12. Bxc7) 8. Nf3 $2 {Mistake. fxe5 was best.} (8. fxe5 Ng4 9. Qa4+ Qd7 10. e6 Qxa4 11. Nxa4 Bf2+ 12. Kf1 Bd4) 8... exf4 9. d4 Bb6 10. Bxf4 Nc6 11. Qa4 O-O 12. O-O-O Bd7 13. Qa3 a5 14. Ne5 a4 15. Nxc6 $2 {Mistake. Nxd7 was best.} (15. Nxd7 Qxd7 16. d5 Nd4 17. Qb4 Nf5 18. e4 Be3+ 19. Kb1 Bxf4 20. gxf4 Ne3) 15... Bxc6 16. e4 Ng4 $6 {Inaccuracy. g5 was best.} (16... g5) 17. Rd2 $6 {Inaccuracy. Rhe1 was best.} (17. Rhe1) 17... g5 18. h3 $6 {Inaccuracy. Bf3 was best.} (18. Bf3) 18... gxf4 $2 {Mistake. Nf6 was best.} (18... Nf6 19. Be3 Re8 20. Re1 Bxe4 21. Bxg5 Bxg2 22. Rxe8+ Qxe8 23. Bxf6 Qe1+ 24. Nd1) 19. hxg4 Bxd4 20. Nd5 Bxd5 21. Rxd4 f3 22. Bxf3 Qg5+ 23. Kb1 Be6 24. Rh5 Qg7 25. Qd3 $6 {Inaccuracy. Qe3 was best.} (25. Qe3 a3) 25... a3 26. b4 $2 {Mistake. Bd1 was best.} (26. Bd1 Rad8) 26... Rad8 27. e5 Qg6 28. Be4 Rxd4 29. Qxd4 $6 {Inaccuracy. Bxg6 was best.} (29. Bxg6 Rxd3 30. Bxd3 Rd8 31. Bf5 Bc4 32. Bc2 Rd2 33. Rxh6 Rg2 34. Rh1 Rxg3) 29... Qxg4 30. Rh4 Qg5 31. Qc3 Rd8 32. Rh1 $6 {Inaccuracy. Bc2 was best.} (32. Bc2 Rd2 33. Rd4 Re2 34. Rd1 Qe3 35. Qxe3 Rxe3 36. Bb3 Bxb3 37. axb3 Rxb3+) 32... Qd2 $6 {Inaccuracy. Bf5 was best.} (32... Bf5 33. Bc2 Bxc2+ 34. Kxc2 Qf5+ 35. Kb3 Rd3 36. Rc1 Rxc3+ 37. Rxc3 Qxe5 38. b5) 33. Qxd2 Rxd2 34. Bc2 Kg7 35. Re1 Rg2 36. b5 Rxg3 37. Be4 b6 0-1

[Event "Sharjah Master 2024"]
[Site "Shsrjah - Abu Dhabi"]
[Date "2024.05.18"]
[Round "?"]
[White "Dronavalli, Harika"]
[Black "Can, Emre"]
[Result "0-1"]
[WhiteElo "2503"]
[BlackElo "2549"]
[PlyCount "143"]
[EventDate "2024.05.14"]
[EventCountry "UAE"]

{[%evp 11,143,36,42,31,41,41,50,45,40,39,49,49,43,21,21,7,18,0,0,-22,-22,-33,-22,-24,-17,-74,-64,-65,-58,-125,-95,-112,-98,-190,-189,-240,-234,-239,-230,-340,-177,-176,-174,-164,-162,-191,-182,-196,-124,-133,-38,-171,-171,-169,-150,-266,-246,-319,-316,-301,-300,-308,-300,-286,-317,-292,-312,-428,-408,-568,-526,-522,-526,-523,-517,-519,-516,-516,-517,-517,-475,-525,-467,-497,-502,-517,-509,-510,-511,-503,-506,-506,-462,-507,-500,-503,-478,-506,-507,-505,-463,-498,-483,-482,-482,-482,-482,-481,-482,-493,-483,-484,-465,-574,-533,-550,-560,-541,-538,-893,-885,-899,-510,-494,-456,-692,-587,-29983,-29985,-29985,-29985,-29986,-29987,-29995]} 1. d4 d5 2. c4 e6 3. Nc3 Nf6 4. Bg5 Bb4 5. e3 h6 6. Bh4 c5 7. cxd5 Qa5 8. Bxf6 $1 Bxc3+ 9. bxc3 {White is slightly better.} Qxc3+ 10. Ke2 gxf6 11. Rc1 Qb4 $146 ({RR} 11... Qa3 {11...b4 0.60} 12. dxe6 $2 (12. Rxc5 $16 O-O 13. Ke1) 12... Bxe6 13. d5 ({White should play} 13. Nf3 $15) 13... Qxa2+ 14. Rc2 Qxd5 15. Rd2 $2 (15. Qxd5 $17 Bxd5 16. Rxc5) 15... Qc4+ 16. Ke1 Qb4 17. f4 Nc6 18. Kf2 c4 19. Qc1 O-O 20. Rb2 Qc5 21. Rxb7 Rab8 22. Rxb8 Rxb8 23. Nf3 c3 24. Bd3 Rb2+ 25. Kg3 Nb4 26. Bb1 {Abdusattorov,N (2727)-Kosakowski,J (2479) Samarkand UZB 2023 0-1 (32)}) ({RR} 11... Qa3 12. Rxc5 Na6 13. Qc1 Qxc1 14. Rxc1 exd5 15. Kd2 Bf5 16. Ne2 Nb4 (16... Rc8 $142 17. Rxc8+ Bxc8) 17. Ng3 Bg6 18. a3 Nc6 19. Rc5 O-O 20. Rxd5 Rac8 21. Bd3 b6 22. Ba6 Rcd8 23. Rxd8 Rxd8 24. Rc1 Rd6 25. f4 f5 26. Bb5 {Grischuk,A (2732)-Kosakowski,J (2479) Samarkand UZB 2023 1-0}) 12. Qd2 Na6 13. dxc5 {With the idea d6.} O-O 14. Nf3 Rd8 $1 15. d6 b6 16. Qxb4 Nxb4 17. a3 Na6 18. cxb6 (18. c6 $11 Rxd6 19. Nd4) 18... axb6 $17 {[%cal Ba7b6,Bb6b5][%mdl 32]} 19. Nd4 {White wants to play Nc6.} Nc5 20. Ke1 $6 {Inaccuracy. Rc3 was best.} (20. Rc3) (20. Rc3 $15) 20... Rxd6 21. Bc4 Bd7 22. Ra1 $6 {Inaccuracy. Ke2 was best.} (22. Ke2) (22. Ke2 $17) 22... e5 $19 23. Nc2 b5 $1 {[%cal Rb5c4]} 24. Be2 Bf5 $1 {[%cal Rf5c2]} 25. Rd1 $6 {Inaccuracy. Bf3 was best.} (25. Bf3 Ra7 26. Rd1 Rda6 27. Rd2 Rc7 28. Bd5 Be6 29. Nb4 Rxa3 30. Ke2 Na4 $1) (25. Nb4 $142) 25... Rxd1+ $6 {Inaccuracy. Rda6 was best.} (25... Rda6 26. Nb4 Rxa3 27. f3 Rb3 28. Nd5 Be6 29. e4 Ra2 30. Rd2 Ra1+ 31. Bd1) (25... Rda6 $142 26. Nb4 Rxa3) 26. Bxd1 Bxc2 27. Bxc2 Rxa3 {[%mdl 4096] Endgame White must now prevent ...Ra1+. KRB-KRN} 28. Kd2 b4 29. Rc1 Ra2 $6 {Inaccuracy. Kf8 was best.} (29... Kf8 30. Ke1 Ke7 31. Rd1 b3 32. Bb1 Na4 33. Kd2 Kd6 34. Rc1 f5 35. h3) (29... Kf8 $19 30. Kd1 b3) 30. Ke1 $17 Rb2 $6 {Inaccuracy. Kg7 was best.} (30... Kg7 31. Bf5) (30... Kg7 $17 31. Bf5 Ra5) 31. Bh7+ $4 {Blunder. Bf5 was best.} (31. Bf5) (31. Bf5 $15 Na4 32. Rc8+ Kg7 33. Rb8) 31... Kxh7 $19 32. Rxc5 {KR-KR} Kg6 33. e4 $2 {Mistake. h3 was best.} (33. h3 h5) (33. Rc4 $17) 33... b3 34. Rb5 f5 35. Rb6+ f6 36. exf5+ Kxf5 37. h3 e4 38. g4+ $6 {Inaccuracy. Rb5+ was best.} (38. Rb5+ {[#]} Kf4 $1 39. Kf1 e3 40. Rb4+ {[#]} Ke5 $1 41. fxe3 Kd5 42. h4 Kc5 43. Rb8 Kc4) 38... Ke5 39. Kf1 Kd4 40. Kg1 $6 {Inaccuracy. Rb7 was best.} (40. Rb7 $2 {40.e1 -3.21} Kc3 41. Rc7+ Kd2 42. Rd7+ Kc2 43. Rc7+ Kd1 44. Rb7 Rb1 45. Kg2 Kc2) 40... Kc5 41. Rb8 Kc4 42. Rc8+ Kd3 43. Rb8 Kc3 44. Rc8+ Kd2 45. Rb8 Kc1 46. Rb6 Kd1 47. Kf1 Kd2 48. Rb8 Kc3 49. Rc8+ Kd4 {aiming for ...Rc2.} 50. Rb8 Kc4 51. Rc8+ Kd5 52. Rb8 {White hopes to continue with Ke1.} Rb1+ 53. Kg2 Kc4 54. Rc8+ Kd3 55. Rb8 Kc2 56. Rc8+ Kd3 57. Rb8 Kc2 58. Rc8+ Kb2 59. Rc6 Rc1 60. Rxf6 Rc2 {Hoping for ...e3.} 61. Re6 Kc3 {Strongly threatening ...b2.} 62. Rc6+ Kd3 63. Rb6 b2 {...e3 is the strong threat.} 64. Kg3 Kc3 65. Kf4 Rxf2+ (65... Rc1 $2 66. Kxe4 Re1+ 67. Kd5 $19) 66. Kxe4 Rh2 67. Kf5 Rxh3 68. Kg6 (68. g5 $142 hxg5 69. Kxg5) 68... Kc2 {Threatens to win with ...Rb3.} 69. Rc6+ Rc3 {Black mates.} 70. Rb6 Rb3 71. Rc6+ Kd2 72. Rb6 $2 {Checkmate is now unavoidable. Rd6+ was best. Accuracy: White = 52%, Black = 78%.} (72. Rd6+ Ke2 73. Re6+ Kf1 74. Kxh6 b1=Q 75. Rf6+ Kg2 76. Re6 Rh3+ 77. Kg5 Qb5+) 0-1

[Event "Sharjah Master 2024"]
[Site "Shsrjah - Abu Dhabi"]
[Date "2024.05.18"]
[Round "?"]
[White "Erdos, Viktor"]
[Black "Gavrilescu, David"]
[Result "1/2-1/2"]
[WhiteElo "2546"]
[BlackElo "2538"]
[PlyCount "39"]
[EventDate "2024.05.14"]
[EventCountry "UAE"]

1. c4 e5 2. Nc3 Bb4 3. Nd5 Be7 4. d4 exd4 5. Qxd4 Nf6 6. Nxe7 Qxe7 7. Bg5 Nc6 8. Qc3 d6 9. Nf3 Ne5 10. g3 $146 ({RR} 10. Nxe5 Qxe5 11. Qxe5+ dxe5 12. Bxf6 gxf6 13. Kd2 Be6 14. Kc3 O-O 15. e3 Rad8 16. Be2 Rd7 17. Rhd1 Rfd8 18. Rxd7 Rxd7 19. Rd1 Rxd1 20. Bxd1 c5 21. a3 Kf8 22. h4 h6 23. Bf3 b6 24. Bd5 Bd7 {Bryakin,M (2461)-Paravyan,D (2612) chess.com INT 2024 ½-½}) ({RR} 10. Nxe5 dxe5 11. g3 h6 12. Bxf6 Qxf6 13. Bg2 O-O 14. O-O c6 15. Rfd1 Bg4 16. h3 Be6 17. Qb4 a5 18. Qxb7 Rab8 19. Qxc6 Rxb2 20. Qe4 Rc8 21. Rdc1 Qf5 22. Qd3 Rb4 23. Qxf5 Bxf5 24. c5 Kf8 {Bryakin,M (2494)-Barrish,D (2347) Paracin SRB 2024 1-0 (54)}) 10... h6 11. Bxf6 Qxf6 12. Nd4 Nc6 13. Nb5 Qxc3+ 14. Nxc3 Be6 15. b3 O-O-O 16. Rd1 Nb4 17. Bg2 c6 18. O-O a5 19. Rd2 Rhe8 20. Rfd1 1/2-1/2

[Event "Sharjah Master 2024"]
[Site "Shsrjah - Abu Dhabi"]
[Date "2024.05.18"]
[Round "?"]
[White "Banusz, Tamas"]
[Black "Cardoso Cardoso, Jose Gabriel"]
[Result "1-0"]
[WhiteElo "2623"]
[BlackElo "2496"]
[PlyCount "95"]
[EventDate "2024.05.14"]
[EventCountry "UAE"]

1. Nf3 d5 2. d4 Nf6 3. Bf4 c5 4. e3 Nc6 5. Be2 cxd4 6. exd4 Bg4 ({RR} 6... Bf5 7. O-O e6 8. Nbd2 Bd6 9. Bxd6 Qxd6 10. c3 O-O 11. Re1 h6 12. a4 Ne4 13. Nxe4 Bxe4 14. Nd2 Bh7 15. a5 Qc7 16. Nb3 Rad8 17. Qd2 Rfe8 18. Bb5 Re7 19. h3 Nb8 20. Re3 Nd7 21. Rae1 {Caruana,F (2804)-Subelj,J (2512) chess.com INT 2024 1-0 (58)}) 7. O-O $146 ({RR} 7. c3 e6 8. O-O Bxf3 9. Bxf3 Bd6 10. Be3 O-O 11. Nd2 Re8 12. Re1 Ne7 13. Nf1 {½-½ (13) Sosna,J (2281)-Pisk,P (2301) Czech Republic CZE 2024}) ({RR} 7. c3 Bxf3 8. Bxf3 e6 9. Qb3 Qd7 10. a4 Be7 11. Nd2 O-O 12. O-O Rfc8 13. Rfe1 Bd6 14. Bg5 Ne8 15. a5 a6 16. Qa4 h6 17. Bh4 f5 18. c4 Qf7 19. cxd5 exd5 20. Bg3 f4 21. Bg4 fxg3 {Sipic,H (2185)-Grgantov,M (1973) Bosnjaci CRO 2024 0-1 (38)}) 7... e6 8. Nbd2 Bd6 9. Bxd6 Qxd6 10. c3 Bxf3 11. Nxf3 O-O 12. Re1 Rfe8 13. Ne5 Nd7 14. f4 Nf8 15. Qd2 f6 16. Nd3 Re7 17. Bf3 Rae8 18. Re3 Nd7 19. Rae1 f5 20. g4 Nf6 21. Qg2 Ne4 22. Kh1 Rf7 23. Rg1 Kf8 24. Re2 Ree7 25. Qh3 g6 26. Qh4 Ke8 27. Qe1 a5 28. a4 Kd8 29. h4 Kc8 30. Rh2 Rf8 31. g5 Kb8 32. h5 Rc8 33. hxg6 hxg6 34. Rh6 Rg7 35. Rg2 Rcc7 36. Rgh2 Ka7 37. Kg2 Qe7 38. Qe3 b6 $2 {Mistake. Rc8 was best.} (38... Rc8) 39. Be2 Qd6 40. Rh8 Rcd7 41. Ne1 Rd8 42. Nf3 Qb8 $6 {Inaccuracy. Kb7 was best.} (42... Kb7 43. R2h7 Rxh7 44. Rxh7+ Rd7 45. Rh6 Rg7 46. Rh8 Rd7 47. Rg8 Qc7 48. Rxg6) 43. Qd3 $6 {Inaccuracy. R2h7 was best.} (43. R2h7) 43... Kb7 $4 {Blunder. Qb7 was best.} (43... Qb7 44. Rxd8 Nxd8 45. Ne5 Nf7 46. Nxf7 Rxf7 47. Rh8 Rg7 48. Rd8 Rh7 49. Qb5) 44. R2h7 Re7 45. Qa6+ Kc7 46. Rxe7+ Nxe7 47. Rh7 Re8 48. Bb5 1-0

[Event "Sharjah Master 2024"]
[Site "Shsrjah - Abu Dhabi"]
[Date "2024.05.18"]
[Round "?"]
[White "Yilmaz, Mustafa"]
[Black "Raja Rithvik R"]
[Result "1/2-1/2"]
[WhiteElo "2641"]
[BlackElo "2523"]
[PlyCount "64"]
[EventDate "2024.05.14"]
[EventCountry "UAE"]

1. c4 e6 2. Nc3 d5 3. d4 c6 4. e4 dxe4 5. Nxe4 Bb4+ 6. Bd2 Qxd4 7. Bxb4 Qxe4+ 8. Be2 Na6 9. Bd6 Qxg2 10. Bf3 Qg5 11. Ne2 Ne7 12. Ng3 Qa5+ $146 {Inaccuracy. e5 was best.} (12... e5 13. b4 O-O 14. b5 Nb8 15. h4 Qf6 16. Ne4 Qe6 17. Ng5 Qf6) ({RR} 12... Nf5 13. Nxf5 exf5 14. Qb3 Nb8 15. Kf1 Qh6 16. c5 b5 17. cxb6 axb6 18. Re1+ Be6 19. Qxb6 Qh3+ 20. Ke2 Nd7 21. Qxc6 Rb8 22. b4 g5 23. Qc3 f6 24. Kd2 Kf7 25. Rxe6 Kxe6 26. Re1+ Kxd6 27. Qc6# {Tari,A (2635)-Maurizzi,M (2597) Djerba TUN 2024 1-0}) 13. b4 Nxb4 14. O-O Na6 15. Qb3 Nf5 16. Nxf5 Qxf5 17. Kh1 $6 {Inaccuracy. Rae1 was best.} (17. Rae1 f6) 17... f6 $4 {Blunder. Bd7 was best.} (17... Bd7 18. Qe3) 18. Rg1 Kf7 19. Rae1 $4 {Blunder. Bg4 was best.} (19. Bg4 Nc5 20. Qa3 Qd3 21. Qxc5 e5 22. Rg3 Qe4+ 23. Bf3 Qf5 24. Qe3 Rd8) 19... Nc5 20. Qe3 Nd3 21. Rd1 Ne5 22. Be2 h5 23. Rg2 g5 24. Bxe5 Qxe5 25. Qxe5 fxe5 26. Rxg5 Kf6 27. h4 b6 28. Bxh5 Ba6 29. Rg6+ Kf5 30. Rg5+ Kf6 31. Rg6+ Kf5 32. Rg5+ Kf6 1/2-1/2